000 01252nam a2200349 a 4500
001 000024815
003 DO-SdBPM
005 20250808124614.0
007 ta
008 110203s2004 mx r 000 | spa d
020 _a8888405208
040 _aDO-SdBNP
_bspa
_cBPMSU
_erda
049 _a
082 4 _a850.9
_bP944h 2004
_222
100 1 _aPrezzolini , Giuseppe,
_d1882-1982
245 1 0 _aHistoria de bolsillo de la literatura italiana /
_cGiuseppe Prezzolini ; traducción Nuria Pérez Vicente ; introducción Pierfranco Bruni ; edición Danilo Manera.
260 _c2004.
264 _aMartorano Cesena, (Italia) :
_bArci Solidarietà Cesenate,
_c2004
300 _a111 páginas ;
_c17 cm..
336 _atexto
_bn
_2rdacontent
337 _asin mediación
_bn
_2rdamedia
338 _avolumen
_bnc
_2rdacarrier
490 0 _aUn Mar de Sueños,
_v14
500 _aIncluye referencia bibliográficas y nota al pie de las páginas
590 _aInventariado, 2025/VM
650 7 _aLiteratura italiana
_xHistoria y crítica
700 1 _aPérez Vicente, Nuria
_etraductor
700 1 _aBruni, Pierfranco
_eintroducción
700 1 _aManera, Danilo
_eeditor
910 _aVMateo V. Control de calidad. BPMSU
942 _2ddc
_cBK
999 _c11428
_d11428